000
00285nam a2200109Ia 4500
005
20251222114342.0
008
251222s1900||||xx |||||||||||||| ||spa||
082
_a
DVD0090/C33/2006
245
0
_a
Casa del niño y de la niña Santa Bernardita
264
_b
Castillejo, Cristian
942
_c
DVD
999
_c
895
_d
895